000 00331nam a2200157Ia 4500
003 0STCL
008 150530s9999 xx 000 0 und d
040 _aSTCL
_cSTCL
100 _aNan Kung
245 _aRiver flows east
260 _c1959
546 _aEnglish
942 _2ddc
_cBK
999 _c61744
_d61744
005 20220125171156.0